00353nam a2200109Ia 4500008004100000082002000041100002800061245003700089260003000126630003400156650005300190211118s9999||||xx |||||||||||||| ||und|| a894.8123bMAR-E aMarquez, Gabriel Garcia 0aEkaanthathayute Nooru Varshangal bD c BooksaKottayamc1967 xMalayalam NovelsGeneral Stack aMalayalam LiteraturevMalayalam FictionMalayalam